| 000 | 00560nam a22001817a 4500 | ||
|---|---|---|---|
| 003 | OSt | ||
| 005 | 20140310181755.0 | ||
| 008 | 130629t xxu||||| |||| 00| 0 eng d | ||
| 020 | _a9718581111 | ||
| 050 |
_aRM 666 _b.On58 1994 |
||
| 082 |
_aFIL 581 _bOn1 1994 |
||
| 100 | _aOnaylos, Irma Noel. | ||
| 245 |
_aPlants that you know but really don't : _bhome remedies from 110 medicinal plants / _cIrma Noel Onayles. |
||
| 260 |
_aQuezon City, Philippines : _bGreat books trading, _cc1994. |
||
| 300 |
_a144 p. : _c21 cm. |
||
| 942 |
_2lcc _cBK |
||
| 999 |
_c3407 _d3407 |
||